000 00420nam a2200169Ia 4500
008 230524s9999 xx 000 0 und d
020 _a9789352996636
082 _a658.4012
_bMUR
100 _aC.S.V. Murthy
245 0 _aE-Commerce and Enterprise Resource Planning
250 _a1
260 _aMumbai
_bHimalaya
_c2019
300 _a268p;
500 _aQuantity Number: 20
650 _aManagement
942 _cBK
999 _c60538
_d60538